Agile Processes in Software Engineering and Extreme Programming (Record no. 13950)

MARC details
000 -LEADER
fixed length control field 01024nam a2200121Ia 4500
008 - FIXED-LENGTH DATA ELEMENTS--GENERAL INFORMATION
fixed length control field 220615s9999||||xx |||||||||||||| ||und||
245 #0 - TITLE STATEMENT
Title Agile Processes in Software Engineering and Extreme Programming
Remainder of title 21st International Conference on Agile Software Development, XP 2020, Copenhagen, Denmark, June 8–12, 2020, Proceedings
546 ## - LANGUAGE NOTE
Language note English[eng]
650 ## - SUBJECT ADDED ENTRY--TOPICAL TERM
Topical term or geographic name entry element Software Engineering||IT in Business||Management of Computing and Information Systems||IT Operations||Agile software development||Software creation and management||Scrum||Lean software development||Process management||open access||Test-driven development||Project and people management||Software development techniques||Risk management||Business mathematics & systems||Business applications||Information architecture||Maintenance & repairs
700 ## - ADDED ENTRY--PERSONAL NAME
Personal name Stray, Viktoria||Hoda, Rashina||Paasivaara, Maria||Kruchten, Philippe
856 ## - ELECTRONIC LOCATION AND ACCESS
Uniform Resource Identifier <a href="https://library.oapen.org/bitstream/20.500.12657/39587/1/2020_Book_AgileProcessesInSoftwareEngine.pdf">https://library.oapen.org/bitstream/20.500.12657/39587/1/2020_Book_AgileProcessesInSoftwareEngine.pdf</a>
942 ## - ADDED ENTRY ELEMENTS (KOHA)
Koha item type E-Books
Holdings
Withdrawn status Lost status Damaged status Not for loan Home library Current library Date acquired Total Checkouts Date last seen Price effective from Koha item type
        Kerala University of Digital Sciences, Innovation and Technology Knowledge Centre Kerala University of Digital Sciences, Innovation and Technology Knowledge Centre 15/06/2022   15/06/2022 15/06/2022 E-Books